000 00941nam a2200277 i 4500
001 19928
003 ES-MaACL
005 20250707162715.0
007 t|
008 020712s2000 sp |||| |bspa j
020 _a84-8102-277-2
080 _a930 Flórez, Enrique
080 _a946.013".../04"
100 1 _aRisco, Manuel.
_997459
245 1 3 _aEl padre Flórez vindicado /
_cManuel Risco ; estudio preliminar, Eustaquio Sánchez Salor.
260 _aSantander :
_bServicio de Publicaciones, Universidad de Cantabria,
_c2000.
300 _a264 p. ;
_c19 cm.
490 1 _aCantabria 4 estaciones
600 1 4 _aFlórez, Enrique,
_d1702-1773
_9142679
651 4 _aCantabria (Comunidad Autónoma)-
_xHistoria-
_yHasta S.V.
_97962
700 1 _aSánchez Salor, Eustaquio.
_9102918
710 2 _aUniversidad de Cantabria.
_97160
830 0 _aCantabria 4 estaciones
_9180649
852 _aES-MaACL
_jL-25940
999 _c19928
_d19928